Normal view
MARC view
- Frank L. Lewis & Eric N. Johnson
Entry Personal Name
001 - CONTROL NUMBER
- control field: 110281
003 - CONTROL NUMBER IDENTIFIER
- control field: NUST
005 - DATE AND TIME OF LATEST TRANSACTION
- control field: 20230314144057.0
008 - FIXED-LENGTH DATA ELEMENTS
- fixed length control field: 230314|| aca||aabn | a|a d
040 ## - CATALOGING SOURCE
- Original cataloging agency: NUST
- Transcribing agency: NUST
100 ## - HEADING--PERSONAL NAME
- Personal name: Frank L. Lewis & Eric N. Johnson
670 ## - SOURCE DATA FOUND
- Source citation: Work cat.: (NUST): Stevens , Brian L. 110280, Aircraft Control and Simulation :, 2016.
